PDC World Matchplay Darts 2022 - Statistiken

Allgemein
  • Dieses Quiz wurde 179 mal gespielt
  • Das Durchschnittsergebnis liegt bei 25 aus 32
Antwortstatistiken
Spieler % Korrekt
Wales Gerwyn Price
99%
Niederlande Michael van Gerwen
98%
Schottland Peter Wright
98%
Deutschland Gabriel Clemens
96%
Schottland Gary Anderson
96%
Belgien Dimitri Van den Bergh
95%
Wales Jonny Clayton
95%
Portugal José de Sousa
94%
Deutschland Martin Schindler
94%
England Michael Smith
94%
England James Wade
90%
Australien Damon Heta
89%
Nordirland Daryl Gurney
88%
Niederlande Danny Noppert
85%
Polen Krzysztof Ratajski
85%
Belgien Kim Huybrechts
84%
Österreich Rowby-John Rodriguez
84%
Lettland Madars Razma
83%
Nordirland Brendan Dolan
81%
England Rob Cross
81%
Niederlande Dirk van Duijvenbode
79%
England Nathan Aspinall
77%
England Luke Humphries
76%
England Dave Chisnall
73%
England Joe Cullen
71%
England Chris Dobey
60%
England Stephen Bunting
56%
England Adrian Lewis
51%
England Ryan Searle
48%
England Callan Rydz
40%
England Andrew Gilding
36%
England Martin Lukeman
26%
Keine übereinstimmenden Quizze gefunden
Verteilung der Resultate
Anzahl Personen mit jedem Resultat
Perzentil nach korrekt beantworteten Fragen
Ihre Resultats-Entwicklung
Sie haben dieses Quiz noch nicht gespielt